It Will Rain - Bruno Mars - Statistics

General Stats
  • This quiz has been taken 18 times
    10 since last reset
  • The average score is 222 of 304
Answer Stats
Hint Answer % Correct
a
100%
baby
100%
be
100%
I
100%
Verse:1 If
100%
if
100%
it
100%
me
100%
my
100%
no
100%
No
100%
rain
100%
the
100%
''There
100%
will
100%
you
100%
your
100%
Your
100%
Refrain: And
88%
Cause
88%
ever
88%
Refrain: | Verse:2 I'll
88%
I'm
88%
in
88%
lose
88%
of
88%
So
88%
sunlight
88%
that
88%
away
75%
broken
75%
clear
75%
day
75%
do
75%
every
75%
eye
75%
eyes
75%
Just
75%
just
75%
leave
75%
Leave
75%
on
75%
pieces
75%
skies
75%
some
75%
there'll
75%
There'll
75%
walk
75%
was
75%
we
75%
We
75%
at
63%
don't
63%
Bridge: Don't
63%
(Don't
63%
door
63%
have
63%
how
63%
I'd
63%
it'll
63%
like
63%
lot
63%
medication
63%
morphine
63%
never
63%
oh
63%
pick
63%
same
63%
take
63%
There's
63%
these
63%
To
63%
to
63%
up
63%
what
63%
would
63%
all
50%
anymore
50%
are
50%
bleedin'
50%
by
50%
can't
50%
clouds
50%
could
50%
favorite
50%
for
50%
long
50%
make
50%
matter
50%
mind
50%
mother's
50%
realize
50%
religion
50%
save
50%
til
50%
try
50%
used
50%
walkin'
50%
whole
50%
Yeah
50%
But
38%
but
38%
daddy
38%
darlin
38%
even
38%
floor
38%
from
38%
keep
38%
knees
38%
look
38%
makin'
38%
mine
38%
Ooh
38%
out
38%
sacrifices
38%
say
38%
say)
38%
shoes
38%
side
38%
that'll
38%
their
38%
thing
38%
understand
38%
with
38%
afraid
25%
change
25%
doin'
25%
girl
25%
goes
25%
goodbye
25%
(Goodbye)
25%
guy''
25%
little
25%
minds
25%
right
25%
Sayin'
25%
somethin'
25%
they
25%
they're
25%
troublesome
25%
watch
25%
No matching quizzes found
Score Distribution
Percent of People with Each Score
Percentile by Number Answered
Your Score History
You have not taken this quiz since the last reset